书目信息 |
| 题名: |
百分比数表
|
|
| 作者: | 徐敏惠 编 | |
| 分册: | ||
| 出版信息: | 上海 立信会计图书用品社出版 1954.11 |
|
| 页数: | 180页 | |
| 开本: | 20cm | |
| 丛书名: | ||
| 单 册: | ||
| 中图分类: | O1-64 | |
| 科图分类: | ||
| 主题词: | 数学 | |
| 电子资源: | ||
| ISBN: | ||
| 000 | 00513nam0 2200193 450 | |
| 001 | 0662654015 | |
| 005 | 20060731173632.46 | |
| 010 | @dCNY1.10 | |
| 100 | @a20060718d1954 km y0chiy0120 ea | |
| 101 | 0 | @achi |
| 102 | @aCN@b310000 | |
| 200 | 1 | @a百分比数表@Abai fen bi shu biao@f徐敏惠编@Fxu min hui bian |
| 210 | @a上海@c立信会计图书用品社出版@d1954.11 | |
| 215 | @a180页@d20cm | |
| 606 | 0 | @a数学 |
| 690 | @aO1-64@v3 | |
| 701 | 0 | @a徐敏惠@Axu min hui@4编 |
| 801 | 0 | @aCN@bPFT@c20060731 |
| 905 | @a10447@dO1-64@e176 | |
| 百分比数表/徐敏惠编.-上海:立信会计图书用品社出版,1954.11 |
| 180页;20cm |
| ISBN :CNY1.10 |
| ● |
| 相关链接 |
|
|
|
|
正题名:百分比数表
索取号:O1-64/176
 
预约/预借
| 序号 | 登录号 | 条形码 | 馆藏地/架位号 | 状态 | 备注 |
| 1 | 0429639 | 204296396 | 密集书库/ [索取号:O1-64/176] | 在馆 |